000 00599nam a2200229Ia 4500
005 20250108124934.0
008 008 250107s9999 xx 000 0 eng d
020 _a81-7520-160-6
037 _aTB
040 _aCRL
_beng
_cCRL
041 _aeng
_2eng
084 _aY73:1.933 P5
084 _qCRL
100 _aAhuja M. L. Au.
245 0 _aEminent Indians: film personalities
_cAhuja M. L. Au.
260 _aNew Delhi, India
_bRupa
_c2747
300 _axviii,128p.
365 _aINR
_b300
650 _aBIOGRAPHY
942 _cTB
_hY73:1.933 P5
999 _c1235135
_d1235135